000 00390 a2200121 4500
001 ART_8603
005 20260410161844.0
008 260409a
245 1 0 _aDistribución del ingreso, pobreza y empleo en áreas urbanas
100 1 _aTokman, Víctor E.
700 1 _aSouza, Paulo R.
773 0 _tEl trimestre económico
_g- Vol. XLV, Nº 179 (jul./set. 1978)
_wREV6933
999 _c24394
_d24394